Comparative Education & Curriculum Development/ (Record no. 188403)

MARC details
000 -LEADER
fixed length control field 00526nam a22001697a 4500
005 - DATE AND TIME OF LATEST TRANSACTION
control field 20220520123302.0
010 ## - LCCN (DPL NO)
LC control number ENG-132735
020 ## - INTERNATIONAL STANDARD BOOK NUMBER
International Standard Book Number 978-81-904845-8-9
Terms of availability 695.00
035 ## - SYSTEM CONTROL NUMBER
System control number EN-116267
037 ## - SOURCE OF ACQUISITION
Source of stock number/acquisition DBAD/PUB
082 ## - DEWEY DECIMAL CLASSIFICATION NUMBER
Classification number 370.9
245 ## - TITLE STATEMENT
Title Comparative Education & Curriculum Development/
Statement of responsibility, etc Kanwaljeet Kaur
260 ## - PUBLICATION, DISTRIBUTION, ETC. (IMPRINT)
Place of publication, distribution, etc Daryaganj
Name of publisher, distributor, etc Gaurav Book Centre
Date of publication, distribution, etc 2010
270 ## - ADDRESS
Address 4832/24,Prahlad Gali,S-204, Ansari Road
City New Delhi
Postal code 110002
300 ## - PHYSICAL DESCRIPTION
Extent 243p.
Dimensions 22cm(hbk)
942 ## - ADDED ENTRY ELEMENTS (KOHA)
Source of classification or shelving scheme Dewey Decimal Classification
Item type English Books
Classification part 370.9
Call number suffix KAN
Holdings
Withdrawn status Lost status Not for loan Collection code Home library Current library Date acquired Source of acquisition Cost, normal purchase price Full call number Barcode Copy number Cost, replacement price Koha item type
      Non-fiction Patel Nagar Patel Nagar 20/05/2022 DBAD/PUB 695.00 370.9 KAN EN-116267 1 695.00 English Books

© Delhi Public Library
Hit Counter
free hit counter